| 000 | 00385nam a2200169Ia 4500 | ||
|---|---|---|---|
| 008 | 210210b1935 xxu||||| |||| 00| 0 eng d | ||
| 041 | _aeng | ||
| 082 | _a883/23 | ||
| 100 | _aBHATTANARAYANA | ||
| 245 | _aVEnisamhAra by jagaddhAra | ||
| 260 |
_aBombay _b- _c1935 |
||
| 650 | _aVEnisamhAra | ||
| 650 | _ajagaddhAra | ||
| 650 | _aby | ||
| 690 | _aSanskrit Drama | ||
| 906 | _a024353 | ||
| 999 |
_c149843 _d149843 |
||